Handlungstheorie: Begriff und Erklärung des Handelns im interdisziplinären Diskurs

Saved in:  
Bibliographic Details
Contributors: Straub, Jürgen 1958- (Editor) ; Werbik, Hans 1941-2021 (Editor)
Format: Print Book
Language:German
Published: Frankfurt/Main [u.a.] Campus-Verl. 1999
In:Year: 1999
Online Access: Table of Contents
Table of Contents
Availability in Tübingen:Present in Tübingen.
IFK: N IV 210
Check availability: HBZ Gateway
Subito Delivery Service: Order now.
Keywords:

MARC

LEADER 00000cam a2200000 c 4500
001 266175511
003 DE-627
005 20260206195250.0
007 tu
008 990320s1999 gw ||||| 00| ||ger c
015 |a 99,N14,0053  |2 dnb 
015 |a 99,A28,0232  |2 dnb 
016 7 |a 955959527  |2 DE-101 
020 |a 3593362384  |c  : DM 58.00, sfr 55.00, S 423.00 (kart.)  |9 3-593-36238-4 
035 |a (DE-627)266175511 
035 |a (DE-603)071501053 
035 |a (DE-576)075157446 
035 |a (DE-599)GBV266175511 
035 |a (OCoLC)845217714 
035 |a (OCoLC)237353431 
035 |a (OCoLC)43318525 
040 |a DE-627  |b ger  |c DE-627  |e rakwb 
041 |a ger 
044 |c XA-DE  |c XD-US 
082 0 |a 128.4 
084 |a 14  |a 10  |a 01  |2 sdnb 
084 |a 5,2  |2 ssgn 
084 |a MR 5150  |2 rvk  |0 (DE-625)rvk/123511: 
084 |a CP 7000  |2 rvk  |0 (DE-625)rvk/18997: 
084 |a MR 6600  |2 rvk  |0 (DE-625)rvk/123534: 
084 |a MR 6000  |2 rvk  |0 (DE-625)rvk/123527: 
084 |a CM 2200  |2 rvk  |0 (DE-625)rvk/18943: 
084 |a 71.05  |2 bkl 
084 |a 76.11  |2 bkl 
090 |a a 
245 0 0 |a Handlungstheorie  |b Begriff und Erklärung des Handelns im interdisziplinären Diskurs  |c Jürgen Straub, Hans Werbik (Hg.) 
264 1 |a Frankfurt/Main [u.a.]  |b Campus-Verl.  |c 1999 
300 |a 337 S  |b graph. Darst  |c 21 cm 
336 |a Text  |b txt  |2 rdacontent 
337 |a ohne Hilfsmittel zu benutzen  |b n  |2 rdamedia 
338 |a Band  |b nc  |2 rdacarrier 
500 |a Hier auch später erschienene, unveränderte Nachdrucke 
500 |a Literaturangaben 
505 8 |a Literaturangaben 
650 0 7 |0 (DE-588)4113844-2  |0 (DE-627)104589329  |0 (DE-576)209479817  |a Handlungstheorie  |2 gnd 
650 0 7 |0 (DE-588)4047704-6  |0 (DE-627)106193821  |0 (DE-576)209074426  |a Psychologie  |2 gnd 
650 0 7 |0 (DE-588)4023277-3  |0 (DE-627)10630464X  |0 (DE-576)208948368  |a Handlung  |2 gnd 
650 0 7 |0 (DE-588)4027274-6  |0 (DE-627)106285319  |0 (DE-576)208970150  |a Interdisziplinäre Forschung  |2 gnd 
650 4 |a Theorie, Register 
655 7 |a Aufsatzsammlung  |0 (DE-588)4143413-4  |0 (DE-627)105605727  |0 (DE-576)209726091  |2 gnd-content 
689 0 0 |d s  |0 (DE-588)4113844-2  |0 (DE-627)104589329  |0 (DE-576)209479817  |a Handlungstheorie  |2 gnd 
689 0 |5 DE-101 
689 1 0 |d s  |0 (DE-588)4113844-2  |0 (DE-627)104589329  |0 (DE-576)209479817  |a Handlungstheorie  |2 gnd 
689 1 |5 (DE-627) 
700 1 |a Straub, Jürgen  |d 1958-  |e Hrsg.  |0 (DE-588)120439956  |0 (DE-627)080674976  |0 (DE-576)16559053X  |4 edt 
700 1 |a Werbik, Hans  |d 1941-2021  |e Hrsg.  |0 (DE-588)107797984  |0 (DE-627)510692621  |0 (DE-576)163530513  |4 edt 
856 4 2 |u http://www.gbv.de/dms/hbz/toc/ht010406412.pdf  |m V:DE-605  |q pdf/application  |v 2008-11-15  |x Verlag  |y Inhaltsverzeichnis  |3 Inhaltsverzeichnis  |7 1 
856 4 2 |u http://scans.hebis.de/HEBCGI/show.pl?07150105_toc.pdf  |m V:DE-603;B:DE-17  |q application/pdf  |3 Inhaltsverzeichnis  |7 1 
889 |w (DE-627)074912151 
935 |i mdedup 
935 |i sf 
935 |i Blocktest 
936 r v |a MR 5150  |b Allgemeine soziologische Handlungstheorien  |k Soziologie  |k Sozialwissenschaftliche Theorien und Methoden  |k Jüngere soziologische Theorie  |k Allgemeine soziologische Handlungstheorien  |0 (DE-627)1334513767  |0 (DE-625)rvk/123511:  |0 (DE-576)264513762 
936 r v |a CP 7000  |b Psychomotorik, Handeln, Leistung (human performance)  |k Psychologie  |k Allgemeine Psychologie  |k Psychomotorik, Handeln, Leistung (human performance)  |0 (DE-627)1271514451  |0 (DE-625)rvk/18997:  |0 (DE-576)201514451 
936 r v |a MR 6600  |b Theorie der sozialen Interaktion, Kommunikation, Konformität  |k Soziologie  |k Sozialwissenschaftliche Theorien und Methoden  |k Psychologische Ansätze  |k Theorie der sozialen Interaktion, Kommunikation, Konformität  |0 (DE-627)1271294419  |0 (DE-625)rvk/123534:  |0 (DE-576)201294419 
936 r v |a MR 6000  |b Allgemeine (sozial-) psychologische Theorien und Textsammlungen  |k Soziologie  |k Sozialwissenschaftliche Theorien und Methoden  |k Psychologische Ansätze  |k Allgemeine (sozial-) psychologische Theorien und Textsammlungen  |0 (DE-627)1271428210  |0 (DE-625)rvk/123527:  |0 (DE-576)201428210 
936 r v |a CM 2200  |b Methodik und Wissenschaftstheorie der Psychologie  |k Psychologie  |k Allgemeines. Geschichte und Methodik  |k Methodik und Wissenschaftstheorie der Psychologie  |0 (DE-627)1271484781  |0 (DE-625)rvk/18943:  |0 (DE-576)201484781 
936 b k |a 71.05  |j Soziologische Richtungen  |0 (DE-627)106412523 
936 b k |a 76.11  |j Sportsoziologie  |j Sportpsychologie  |0 (DE-627)106420844 
936 s n |a c200  |2 mzub 
936 s n |a m200  |2 mzub 
936 s n |a c100  |2 mzub 
936 s n |a a100  |2 mzub 
951 |a BO 
ELC |b 1 
LOK |0 000 xxxxxcx a22 zn 4500 
LOK |0 001 3084744114 
LOK |0 003 DE-627 
LOK |0 004 266175511 
LOK |0 005 20020411000000 
LOK |0 008 990630||||||||||||||||ger||||||| 
LOK |0 040   |a DE-21-110  |c DE-627  |d DE-21-110 
LOK |0 852   |a DE-21-110 
LOK |0 852 1  |c N IV 210  |m p  |9 00 
LOK |0 935   |a k110 
LOK |0 936ln  |a 8.7.4 
LOK |0 938   |k p 
LOK |0 939   |a 30-06-99  |b l01 
ORI |a SA-MARC-krimdoka001.raw 
SIG |a IFK: N IV 210